Tree of General Knowledge Quiz Stats

 Plays Quiz Updated Jan 9, 2020

Support Sporcle.
Go Orange.
Score 0/45 Timer 03:00
58 Plays Today
% Correct
40




What singer's hits include 'Umbrella', 'Disturbia' and 'We Found Love'?
98.1%
32




What does the computing acronym PC stand for?
97.9%
16




'The Roots' are the house band on a talk show presented by which TV host?
97.6%
8




The song 'Over the Rainbow' was written for what film musical?
97.5%
24




What sport features a shuttlecock?
97.3%
31




The Maldives are located in what ocean?
78.9%
7




The soccer teams Arsenal F.C. and Chelsea F.C. are based in what European city?
78.6%
23




'In Utero' and 'Nevermind' are albums by what band?
78.1%
30




What renowned Greek philosopher was also the personal tutor of Alexander the Great?
70.6%
6




What chemical element is named for a western US state?
70.5%
39




Organic compounds always contain what element?
67.1%
38




What is the capital of Kyrgyzstan?
54.3%
22




Who plays the title role in the TV series 'House'?
50.3%
29




What erotic novel, penned by E. L. James, has sold over 70 million copies worldwide?
45.1%
15




What city is known as the birthplace of Muhammad?
42.6%
28




Olga Korbut is a four-time Olympic gold medalist in what sport?
39.4%
21




How many prime numbers are there between 0 and 30?
38.8%
5




To what dynastic house did King Henry VIII of England belong?
37.9%
20




At 18 miles long, what US state has the shortest coastline?
37.2%
4




In addition to the Tetum language, what is the co-official language of Timor Leste?
31.4%
14




In what year was the Soviet Union formally dissolved?
30.6%
13




Frank N. Furter, Riff Raff and Magenta are characters in what musical?
26.7%
27




What actress played the title role in the comedy movie 'Private Benjamin'?
25.4%
% Correct
26




Who succeeded Woodrow Wilson as President of the United States?
16.9%
37




What actor's film credits include 'Raising Arizona', 'Adaptation' and 'Moonstruck'?
16.9%
12




What name is given to words that read the same in both directions?
16.1%
19




What is the first name of the main character in the video game 'Final Fantasy VII'?
15.9%
11




Who dueted with Dolly Parton on the 1983 hit 'Islands in the Stream'?
14.5%
3




Who painted 'The Scream?
13.6%
36




The typeface Helvetica is named after which European country?
13.2%
2




In Greek mythology, who was the mother of Persephone?
11.7%
10




What is the name of the protagonist in the novel 'Crime and Punishment'?
11.2%
25




By what name was the Indonesian island of Sulawesi formerly known?
11%
35




Who wrote the poem 'The Daffodils'?
9.6%
18




What is Jupiter's largest moon?
8.9%
1




By what name is the first section of the small intestine known?
8.7%
33




What two words make up the shortest verse in KJV Bible?
8.7%
34




Mathematician and engineer Archimedes was born on what Mediterranean island?
8.5%
17




Who directed '12 Angry Men' and 'Dog Day Afternoon'?
7.9%
9




What NFL team lost the first Super Bowl of the 1970s?
7.8%
e***********
6.8%
d***********
6.8%
c***********
6.8%
b***********
6.8%
a***********
6.8%

You're not logged in!

Compare scores with friends on all Sporcle quizzes.
OR
Log In

From the Vault

TV Characters by Show Blitz III

by Doctor_Arzt

This quiz is only 45 seconds long, but thankfully the TV shows aren't.
Remove Ads.
Support Sporcle.
Get the best of Sporcle when you Go Orange. This ad-free experience offers more features, more stats, and more fun while also helping to support Sporcle. Thank you for becoming a member.

Show Comments

Extras

Top Quizzes Today


Score Distribution

Your Account Isn't Verified!

In order to create a playlist on Sporcle, you need to verify the email address you used during registration. Go to your Sporcle Settings to finish the process.

Report this User

Report this user for behavior that violates our Community Guidelines.

Details: